[Event "Ïåðâåíñòâî Ìîñêâû ïî øàõìàòàì 2015 ñðåäè"]
[Site "Moscow"]
[Date "2015.11.12"]
[Round "1.1"]
[White "Îáîëåíöåâà, Àëåêñàíäðà."]
[Black "Çàõàðîâà, Àííà."]
[Result "1-0"]
[WhiteElo "2118"]
[BlackElo "1863"]
[PlyCount "63"]
[EventDate "2015.11.12"]

1. d4 d5 2. c4 dxc4 3. Nf3 Nf6 4. Nc3 e6 5. e4 a6 6. a4 Bb4 7. Bxc4 Nxe4 8. O-O
Nxc3 9. bxc3 Be7 10. Ne5 O-O 11. Qf3 Bg5 12. Bxg5 Qxg5 13. h4 Qxh4 14. g3 Qf6
15. Qe4 Ra7 16. Ng4 Qg6 17. Qe2 b6 18. Bd3 f5 19. Ne5 Qg5 20. Bc4 f4 21. d5
fxg3 22. f4 Qe7 23. Nd3 Rf6 24. f5 Rh6 25. Qg2 Bb7 26. fxe6 Rg6 27. Rae1 Ba8
28. Rf7 Qe8 29. Ref1 Rxe6 30. dxe6 Bxg2 31. Rf8+ Qxf8 32. e7+ 1-0

[Event "Ïåðâåíñòâî Ìîñêâû ïî øàõìàòàì 2015 ñðåäè"]
[Site "Moscow"]
[Date "2015.11.12"]
[Round "1.2"]
[White "Ñåðåãèíà, Ìàðèÿ."]
[Black "Î÷íåâà, Èíãà."]
[Result "0-1"]
[WhiteElo "1769"]
[BlackElo "1963"]
[PlyCount "80"]
[EventDate "2015.11.12"]

1. d4 Nf6 2. c4 d6 3. Nc3 g6 4. e4 Bg7 5. Nf3 O-O 6. Be2 c5 7. O-O cxd4 8. Nxd4
Nc6 9. Nc2 Qc7 10. Bg5 Be6 11. Ne3 Ne5 12. Bxf6 Bxf6 13. Ncd5 Bxd5 14. Nxd5 Qd7
15. Nxf6+ exf6 16. Qd4 Qe6 17. Rad1 Rfd8 18. a3 b6 19. h3 Rac8 20. b3 h5 21.
Qe3 Re8 22. Qh6 Nd7 23. Bd3 Nc5 24. Bc2 Nxe4 25. Rfe1 Qf5 26. Qe3 Qa5 27. b4
Qa6 28. Bxe4 f5 29. Bb7 Qxb7 30. Qxe8+ Rxe8 31. Rxe8+ Kg7 32. b5 Qc7 33. Ree1
Qxc4 34. Rxd6 Qxb5 35. Re7 Qc4 36. Rdd7 a5 37. Rb7 b5 38. Rec7 Qb3 39. Rc5 Qd1+
40. Kh2 Qd6+ 0-1

[Event "Ïåðâåíñòâî Ìîñêâû ïî øàõìàòàì 2015 ñðåäè"]
[Site "Moscow"]
[Date "2015.11.12"]
[Round "1.3"]
[White "Âàñåíèíà, Àííà."]
[Black "Ñàÿôàðîâà, Àííà."]
[Result "1/2-1/2"]
[WhiteElo "2127"]
[BlackElo "1863"]
[PlyCount "79"]
[EventDate "2015.11.12"]

1. d4 d5 2. c4 dxc4 3. Nf3 Nf6 4. e3 e6 5. Bxc4 a6 6. O-O c5 7. a4 Nc6 8. Qe2
cxd4 9. Rd1 Be7 10. exd4 Nd5 11. Nc3 O-O 12. Bb3 Ncb4 13. Ne5 Bg5 14. Qg4 Bxc1
15. Raxc1 b6 16. Qg3 Bb7 17. Ne4 Qe7 18. Nc4 Rad8 19. a5 f5 20. Ng5 h6 21. Nf3
b5 22. Nce5 Qd6 23. Rc5 Nf6 24. Ng6 Rfe8 25. Qxd6 Rxd6 26. Rc7 Bxf3 27. gxf3
Kh7 28. Ne5 Nh5 29. Nf7 Rc6 30. Rd7 Rec8 31. Rd8 Nf4 32. Rxc8 Rxc8 33. Ne5 Nc6
34. Nxc6 Rxc6 35. d5 exd5 36. Bxd5 Nxd5 37. Rxd5 Kg6 38. b3 Kf6 39. Kf1 Re6 40.
Rd7 1/2-1/2

[Event "Ïåðâåíñòâî Ìîñêâû ïî øàõìàòàì 2015 ñðåäè"]
[Site "Moscow"]
[Date "2015.11.12"]
[Round "1.4"]
[White "Òåí, Êðèñòèíà."]
[Black "Ëîãèíîâà, Òàòüÿíà."]
[Result "1-0"]
[WhiteElo "1616"]
[BlackElo "1610"]
[PlyCount "133"]
[EventDate "2015.11.12"]

1. d4 Nf6 2. c4 e6 3. Nc3 Bb4 4. Bd2 b6 5. Nf3 Bb7 6. e3 O-O 7. Be2 d6 8. O-O
Nbd7 9. Rc1 d5 10. cxd5 Nxd5 11. Nxd5 Bxd2 12. Qxd2 Bxd5 13. b4 a5 14. b5 Rc8
15. Rc3 Nf6 16. Rc2 Be4 17. Rc3 Qd5 18. Rfc1 Ne8 19. a4 Qd6 20. Ne5 Bb7 21. Nc6
f6 22. Bf3 Rf7 23. Qc2 Qd7 24. Ne7+ Qxe7 25. Bxb7 Rd8 26. Bc6 Rc8 27. d5 Nd6
28. dxe6 Qxe6 29. Qd3 Ne8 30. Bd5 Qg4 31. Bxf7+ Kxf7 32. Qd5+ Kf8 33. Rc4 Qg6
34. Qd7 Ra8 35. Rg4 Qf7 36. Qxf7+ Kxf7 37. Rd4 Ke7 38. Kf1 Rc8 39. Re4+ Kd7 40.
Rd4+ Ke7 41. Re4+ Kd7 42. Rd1+ Nd6 43. Red4 Rd8 44. e4 Re8 45. f4 Kc8 46. Re1
Kb7 47. e5 Nf5 48. Rd3 Re6 49. exf6 Rxf6 50. Kf2 c5 51. bxc6+ Kxc6 52. Rc1+ Kb7
53. Rd7+ Kb8 54. Rcc7 Nd6 55. Kf3 g5 56. g3 gxf4 57. gxf4 Rh6 58. Rxh7 Rxh2 59.
Rxh2 Kxc7 60. Rh5 Nc4 61. f5 Kd7 62. Rh4 Nd6 63. Rd4 Ke7 64. Kf4 Nf7 65. Re4+
Kd7 66. f6 Kc6 67. Re7 1-0

[Event "Ïåðâåíñòâî Ìîñêâû ïî øàõìàòàì 2015 ñðåäè"]
[Site "Moscow"]
[Date "2015.11.13"]
[Round "2.1"]
[White "Ñàÿôàðîâà, Àííà."]
[Black "Òåí, Êðèñòèíà."]
[Result "1-0"]
[WhiteElo "1863"]
[BlackElo "1616"]
[PlyCount "113"]
[EventDate "2015.11.12"]

1. e4 e6 2. d4 d5 3. e5 c5 4. c3 Nc6 5. Nf3 Qb6 6. a3 cxd4 7. cxd4 Nge7 8. b4
Nf5 9. Bb2 Be7 10. Be2 Bd7 11. O-O a5 12. b5 Na7 13. a4 O-O 14. Nbd2 Qd8 15.
Nb3 Nc8 16. Qd2 Bb4 17. Bc3 Bxc3 18. Qxc3 Nce7 19. Rfc1 b6 20. Qd3 Rc8 21. Rxc8
Qxc8 22. Rc1 Qb7 23. Bd1 Rc8 24. Bc2 g6 25. h3 Rc7 26. Bb1 Qc8 27. Rxc7 Qxc7
28. Qc2 Qxc2 29. Bxc2 h5 30. Kf1 Kg7 31. Ke2 f6 32. exf6+ Kxf6 33. g4 hxg4 34.
hxg4 Nd6 35. Ne5 Be8 36. f4 Nf7 37. Nxf7 Bxf7 38. Nd2 g5 39. Ke3 Bg6 40. fxg5+
Kxg5 41. Nf3+ Kxg4 42. Ne5+ Kg5 43. Bxg6 Nxg6 44. Nd7 Kf5 45. Nxb6 Ne7 46. Nd7
Nc8 47. Kd3 Nd6 48. b6 Nb7 49. Nc5 Nd6 50. b7 Nxb7 51. Nxb7 e5 52. Nxa5 e4+ 53.
Ke3 Ke6 54. Nc6 Kd6 55. Nb4 Ke6 56. a5 Kd6 57. a6 1-0

[Event "Ïåðâåíñòâî Ìîñêâû ïî øàõìàòàì 2015 ñðåäè"]
[Site "Moscow"]
[Date "2015.11.13"]
[Round "2.2"]
[White "Î÷íåâà, Èíãà."]
[Black "Âàñåíèíà, Àííà."]
[Result "1-0"]
[WhiteElo "1963"]
[BlackElo "2127"]
[PlyCount "53"]
[EventDate "2015.11.12"]

1. e4 c5 2. Nf3 d6 3. d4 cxd4 4. Nxd4 Nf6 5. Nc3 a6 6. Bg5 Nbd7 7. f4 Qc7 8.
Qf3 b5 9. O-O-O Bb7 10. Nd5 Nxd5 11. exd5 Nb6 12. Bd3 Bxd5 13. Be4 Bxe4 14.
Qxe4 d5 15. Qf3 O-O-O 16. f5 Kb7 17. Rhe1 Rc8 18. Rd3 h6 19. Bh4 e5 20. fxe6
fxe6 21. Rc3 Qd7 22. Rxc8 Nxc8 23. Nxe6 Bb4 24. c3 Re8 25. Nd8+ Kb8 26. Rxe8
Qxe8 27. cxb4 1-0

[Event "Ïåðâåíñòâî Ìîñêâû ïî øàõìàòàì 2015 ñðåäè"]
[Site "Moscow"]
[Date "2015.11.13"]
[Round "2.3"]
[White "Çàõàðîâà, Àííà."]
[Black "Ñåðåãèíà, Ìàðèÿ."]
[Result "1/2-1/2"]
[WhiteElo "1863"]
[BlackElo "1769"]
[PlyCount "110"]
[EventDate "2015.11.12"]

1. d4 f5 2. e4 e6 3. exf5 exf5 4. Nf3 Nf6 5. Bd3 Qe7+ 6. Be2 d6 7. O-O Qf7 8.
Ng5 Qg6 9. Re1 Kd8 10. Bf3 c6 11. d5 c5 12. Ne6+ Bxe6 13. dxe6 Ne4 14. Bxe4
fxe4 15. Qd5 Nc6 16. c3 Be7 17. Rxe4 Rf8 18. Bf4 Rf5 19. Qd2 d5 20. Re1 Bg5 21.
Bxg5+ Qxg5 22. Qxg5+ Rxg5 23. Nd2 Ke7 24. Re3 Rf8 25. Rae1 Rgf5 26. f3 b5 27.
Nb3 c4 28. Nd4 Nxd4 29. cxd4 a6 30. Ra3 Ra8 31. g3 a5 32. Rae3 Ra6 33. Re5 Rxe5
34. Rxe5 Rd6 35. Kf2 b4 36. Rg5 g6 37. Ke2 Rxe6+ 38. Kd2 Kd6 39. Rg4 Rf6 40. f4
Rf5 41. Rh4 h5 42. Rh3 a4 43. Rh4 Rf6 44. Rh3 Re6 45. f5 gxf5 46. Rxh5 f4 47.
gxf4 Re4 48. Rh6+ Ke7 49. f5 Rxd4+ 50. Kc1 Rf4 51. Ra6 Rf1+ 52. Kd2 Rf2+ 53.
Kc1 Rxf5 54. Rxa4 Rf1+ 55. Kc2 Rf2+ 1/2-1/2

[Event "Ïåðâåíñòâî Ìîñêâû ïî øàõìàòàì 2015 ñðåäè"]
[Site "Moscow"]
[Date "2015.11.13"]
[Round "2.4"]
[White "Ñàâåëüåâà, Àíàñòàñèÿ."]
[Black "Îáîëåíöåâà, Àëåêñàíäðà."]
[Result "0-1"]
[WhiteElo "1393"]
[BlackElo "2118"]
[PlyCount "64"]
[EventDate "2015.11.12"]

1. e4 c5 2. Nc3 Nc6 3. g3 g6 4. Bg2 Bg7 5. Nge2 d6 6. d3 Nf6 7. O-O O-O 8. f4
Rb8 9. Bd2 Bd7 10. Rb1 b5 11. Nd5 Nxd5 12. exd5 Nd4 13. c3 Nxe2+ 14. Qxe2 Re8
15. Kh1 Qc8 16. c4 bxc4 17. dxc4 Bxb2 18. Bc1 Bd4 19. Bb2 Bf5 20. Bxd4 Bxb1 21.
Bc3 Qf5 22. Rd1 Qc2 23. Qxc2 Bxc2 24. Rc1 Rb1 25. Bd2 Reb8 26. Rg1 Bd3 27. h3
f5 28. g4 Rxg1+ 29. Kxg1 Bxc4 30. Bc3 Rb1+ 31. Kh2 Bxa2 32. g5 Rd1 0-1

[Event "Ïåðâåíñòâî Ìîñêâû ïî øàõìàòàì 2015 ñðåäè"]
[Site "Moscow"]
[Date "2015.11.14"]
[Round "3.1"]
[White "Ñåðåãèíà, Ìàðèÿ."]
[Black "Ñàâåëüåâà, Àíàñòàñèÿ."]
[Result "1-0"]
[WhiteElo "1769"]
[BlackElo "1393"]
[PlyCount "97"]
[EventDate "2015.11.12"]

1. d4 d5 2. c4 e6 3. Nc3 Nf6 4. cxd5 exd5 5. Bg5 c6 6. e3 Nbd7 7. Bd3 Be7 8.
Nf3 Nb6 9. Qc2 h6 10. Bh4 Bg4 11. Ne5 Nbd7 12. Nxg4 Nxg4 13. Bxe7 Qxe7 14. Qe2
Ngf6 15. Qf3 Qb4 16. Rb1 O-O 17. O-O Rfe8 18. a3 Qd6 19. b4 b5 20. a4 a6 21. a5
Red8 22. Ne2 Ne8 23. Qf5 Ndf6 24. Ng3 Qe6 25. Rfc1 Rac8 26. Qf4 Nd6 27. Nf5
Nfe4 28. Bxe4 Nxe4 29. Rc2 Nd6 30. Nxd6 Qxd6 31. Qf5 Re8 32. Rc5 Rc7 33. Rbc1
Kf8 34. Qh7 Qf6 35. Rxd5 Rec8 36. Re5 g5 37. Qf5 Qd6 38. Rec5 Kg8 39. Qe5 Qd8
40. h3 Kf8 41. Qh8+ Ke7 42. Qxh6 f6 43. Qh7+ Kd6 44. Qf5 Ke7 45. g3 Kd6 46. d5
Qe7 47. dxc6 Rxc6 48. Qd5+ Kc7 49. Qxc6+ 1-0

[Event "Ïåðâåíñòâî Ìîñêâû ïî øàõìàòàì 2015 ñðåäè"]
[Site "Moscow"]
[Date "2015.11.14"]
[Round "3.2"]
[White "Âàñåíèíà, Àííà."]
[Black "Çàõàðîâà, Àííà."]
[Result "1-0"]
[WhiteElo "2127"]
[BlackElo "1863"]
[PlyCount "69"]
[EventDate "2015.11.12"]

1. d4 d5 2. c4 dxc4 3. Nf3 Nf6 4. e3 e6 5. Bxc4 a6 6. O-O b5 7. Bd3 c5 8. a4 b4
9. e4 cxd4 10. e5 Nd5 11. Nbd2 Nf4 12. Be4 Ra7 13. Nc4 Ng6 14. Bg5 f6 15. Bxg6+
hxg6 16. Qd3 Kf7 17. exf6 gxf6 18. Nce5+ Kg8 19. Nxg6 fxg5 20. Nxh8 Kxh8 21.
Rac1 Rd7 22. Nxg5 Rg7 23. f4 Bb7 24. Qh3+ Kg8 25. Qxe6+ Kh8 26. Nf7+ Rxf7 27.
Qxf7 Bd5 28. Qh5+ Kg8 29. f5 Be7 30. f6 Bxf6 31. Rxf6 Qxf6 32. Rc8+ Kg7 33.
Qxd5 Qf4 34. Qg8+ Kh6 35. Qh8+ 1-0

[Event "Ïåðâåíñòâî Ìîñêâû ïî øàõìàòàì 2015 ñðåäè"]
[Site "Moscow"]
[Date "2015.11.14"]
[Round "3.4"]
[White "Ëîãèíîâà, Òàòüÿíà."]
[Black "Ñàÿôàðîâà, Àííà."]
[Result "0-1"]
[WhiteElo "1610"]
[BlackElo "1863"]
[PlyCount "70"]
[EventDate "2015.11.12"]

1. e4 e5 2. Nf3 Nc6 3. Bb5 a6 4. Ba4 Nf6 5. O-O Be7 6. c3 b5 7. Bc2 O-O 8. d4
exd4 9. Nxd4 Nxd4 10. Qxd4 d6 11. f3 Be6 12. a4 Qd7 13. Rd1 Qc6 14. Kh1 Nd7 15.
Na3 Nc5 16. axb5 axb5 17. Qb4 d5 18. Be3 dxe4 19. Bxc5 Qxc5 20. Qxc5 Bxc5 21.
Bxe4 Rab8 22. b4 Be7 23. Bc6 Bf6 24. Rd3 Rb6 25. Bxb5 Ra8 26. Rad1 g6 27. c4
Bf5 28. Re3 Bg5 29. Rc3 Bf6 30. Re3 Bb2 31. c5 Rbb8 32. Nc4 Rxb5 33. Nxb2 Rxb4
34. Nd3 Rd4 35. Kg1 Rad8 0-1

[Event "Ïåðâåíñòâî Ìîñêâû ïî øàõìàòàì 2015 ñðåäè"]
[Site "Moscow"]
[Date "2015.11.15"]
[Round "4.2"]
[White "Çàõàðîâà, Àííà."]
[Black "Òåí, Êðèñòèíà."]
[Result "1-0"]
[WhiteElo "1863"]
[BlackElo "1616"]
[PlyCount "73"]
[EventDate "2015.11.12"]

1. d4 Nf6 2. Nf3 g6 3. Bf4 Bg7 4. e3 d6 5. h3 O-O 6. Nbd2 Nbd7 7. Bd3 b6 8. O-O
c5 9. c3 Bb7 10. Rb1 Rc8 11. Bh2 Nh5 12. Qe2 Rc7 13. b4 f5 14. Ng5 Bd5 15. Bc4
Qa8 16. Bxd5+ Qxd5 17. c4 Qa8 18. Ne6 Rcc8 19. Nxf8 Rxf8 20. Nf3 Nhf6 21. Ng5
Ne4 22. Ne6 Rf6 23. Nc7 Qd8 24. Nd5 Rf8 25. Qd3 Ndf6 26. Nxf6+ Bxf6 27. f3 Ng5
28. dxc5 bxc5 29. bxc5 dxc5 30. Qxd8 Rxd8 31. Rfd1 Rxd1+ 32. Rxd1 Kf7 33. Rd7
a5 34. Ra7 Bc3 35. Bd6 Ke6 36. Bxe7 Nf7 37. Bxc5 1-0

[Event "Ïåðâåíñòâî Ìîñêâû ïî øàõìàòàì 2015 ñðåäè"]
[Site "Moscow"]
[Date "2015.11.15"]
[Round "4.3"]
[White "Ñàâåëüåâà, Àíàñòàñèÿ."]
[Black "Âàñåíèíà, Àííà."]
[Result "0-1"]
[WhiteElo "1393"]
[BlackElo "2127"]
[PlyCount "84"]
[EventDate "2015.11.12"]

1. e4 c5 2. Nc3 d6 3. g3 Nc6 4. Bg2 g6 5. Nge2 Bg7 6. d3 e6 7. O-O Nge7 8. Rb1
O-O 9. Be3 a6 10. d4 cxd4 11. Nxd4 Ne5 12. f4 Nc4 13. Bf2 Qc7 14. Qd3 Bd7 15.
Nde2 Rac8 16. Bd4 e5 17. fxe5 dxe5 18. Be3 Bg4 19. Bf3 Bxf3 20. Rxf3 Rfd8 21.
Nd5 Nxd5 22. exd5 e4 23. Qxe4 Re8 24. Qd3 Ne5 25. d6 Nxf3+ 26. Kf2 Ne5 27. dxc7
Nxd3+ 28. cxd3 Rxc7 29. Rc1 Rce7 30. Nf4 Rxe3 31. Rc7 b5 32. b3 g5 33. Nd5 Rxd3
34. Ne7+ Kf8 35. Nf5 g4 36. Rc2 Rf3+ 37. Kg2 Rxf5 38. Rd2 Bh6 39. Rc2 Rfe5 40.
Rf2 Be3 41. Re2 Bb6 42. Rc2 Re1 0-1

[Event "Ïåðâåíñòâî Ìîñêâû ïî øàõìàòàì 2015 ñðåäè"]
[Site "Moscow"]
[Date "2015.11.15"]
[Round "4.4"]
[White "Îáîëåíöåâà, Àëåêñàíäðà."]
[Black "Ñåðåãèíà, Ìàðèÿ."]
[Result "1-0"]
[WhiteElo "2118"]
[BlackElo "1769"]
[PlyCount "97"]
[EventDate "2015.11.12"]

1. d4 f5 2. g3 Nf6 3. Bg2 g6 4. Nf3 Bg7 5. O-O O-O 6. c4 c6 7. Nc3 d6 8. Qc2
Na6 9. a3 Nc7 10. Rd1 Qe8 11. d5 e5 12. dxe6 Qxe6 13. Bf4 Nce8 14. Qd3 h6 15.
Rac1 Ne4 16. Nd4 Qf7 17. Nxe4 fxe4 18. Bxe4 g5 19. Bh7+ Kh8 20. Bg6 Qf6 21. Be3
Nc7 22. Nf3 Ne6 23. h4 g4 24. Nh2 Nc5 25. Qxd6 Be6 26. Bc2 Nd7 27. Rd4 Qe5 28.
Rcd1 Nb6 29. Qxe5 Bxe5 30. Re4 Bf5 31. Rxe5 Bxc2 32. Rd6 Nxc4 33. Rxh6+ Kg7 34.
Re7+ Rf7 35. Bd4+ Kxh6 36. Rxf7 Rd8 37. Nxg4+ Kg6 38. Rf6+ Kh5 39. Rf4 a5 40.
Kh2 b5 41. f3 b4 42. axb4 axb4 43. Bf6 Rd2 44. Rxc4 Rxe2+ 45. Kh3 Bf5 46. Rc5
Kg6 47. h5+ Kxh5 48. Rxf5+ Kg6 49. Rg5+ 1-0

[Event "Ïåðâåíñòâî Ìîñêâû ïî øàõìàòàì 2015 ñðåäè"]
[Site "Moscow"]
[Date "2015.11.16"]
[Round "5.1"]
[White "Âàñåíèíà, Àííà."]
[Black "Îáîëåíöåâà, Àëåêñàíäðà."]
[Result "0-1"]
[WhiteElo "2127"]
[BlackElo "2118"]
[PlyCount "104"]
[EventDate "2015.11.12"]

1. d4 Nf6 2. c4 g6 3. Nc3 Bg7 4. e4 d6 5. Nf3 O-O 6. Be2 e5 7. O-O exd4 8. Nxd4
Re8 9. f3 c6 10. Be3 d5 11. cxd5 Nxd5 12. Nxd5 cxd5 13. Qb3 Nc6 14. Rad1 Bxd4
15. Bxd4 Nxd4 16. Rxd4 Qf6 17. Rfd1 dxe4 18. fxe4 Be6 19. Bc4 Bxc4 20. Rxc4
Rad8 21. Rf1 Qe7 22. Qc3 Rd7 23. a4 Qd6 24. h3 Rde7 25. Qb3 Qe6 26. Qc2 Qb6+
27. Kh2 Qd6+ 28. Kg1 Rd8 29. b3 Qd2 30. Qxd2 Rxd2 31. Rf2 Rd6 32. h4 Kg7 33.
Rf3 h6 34. Kf2 Rd2+ 35. Kf1 Red7 36. Re3 Rb2 37. Rc1 Kf6 38. Rce1 Rdd2 39. Rf3+
Ke6 40. Rg3 Rf2+ 41. Kg1 Rf4 42. Rc1 Rxe4 43. Rc7 Rb1+ 44. Kf2 Rf4+ 45. Ke2
Rb2+ 46. Ke3 Rb4 47. Kf3 h5 48. Rg5 R2xb3+ 49. Kf2 Rf4+ 50. Ke2 Rxa4 51. Rc2
Rxh4 52. Rgc5 Rhb4 0-1

[Event "Ïåðâåíñòâî Ìîñêâû ïî øàõìàòàì 2015 ñðåäè"]
[Site "Moscow"]
[Date "2015.11.16"]
[Round "5.2"]
[White "Òåí, Êðèñòèíà."]
[Black "Ñàâåëüåâà, Àíàñòàñèÿ."]
[Result "0-1"]
[WhiteElo "1616"]
[BlackElo "1393"]
[PlyCount "76"]
[EventDate "2015.11.12"]

1. d4 d5 2. c4 e6 3. Nc3 Nf6 4. Bg5 c6 5. Nf3 Be7 6. e3 Nbd7 7. cxd5 exd5 8.
Bd3 h6 9. Bh4 Nb6 10. O-O O-O 11. a3 a5 12. Rb1 Nc4 13. Nd2 Be6 14. Qc2 Qd7 15.
Ne2 Nxd2 16. Qxd2 Bf5 17. Qc2 Bxd3 18. Qxd3 Ne4 19. Bxe7 Qxe7 20. Nc3 f5 21.
Rfc1 Nxc3 22. Qxc3 Qc7 23. b4 f4 24. b5 fxe3 25. fxe3 Qe7 26. bxc6 bxc6 27. Qd3
Rae8 28. Rb3 Rf6 29. Rbc3 Re6 30. Re1 a4 31. Qc2 Qg5 32. Qc1 h5 33. Re2 h4 34.
Qe1 Rb8 35. Qc1 Rb3 36. Rxc6 Rxc6 37. Qxc6 Rb1+ 38. Kf2 Qf5# 0-1

[Event "Ïåðâåíñòâî Ìîñêâû ïî øàõìàòàì 2015 ñðåäè"]
[Site "Moscow"]
[Date "2015.11.16"]
[Round "5.4"]
[White "Ñàÿôàðîâà, Àííà."]
[Black "Î÷íåâà, Èíãà."]
[Result "0-1"]
[WhiteElo "1863"]
[BlackElo "1963"]
[PlyCount "114"]
[EventDate "2015.11.12"]

1. e4 c5 2. Nf3 e6 3. d4 cxd4 4. Nxd4 Nc6 5. Be3 Nf6 6. Nc3 Bb4 7. Bd3 d5 8.
Nxc6 bxc6 9. exd5 cxd5 10. O-O O-O 11. Nb5 a6 12. Nd4 Bd7 13. Nf3 Bb5 14. Ne5
Qc7 15. Bd4 Rac8 16. c3 Bd6 17. Re1 Bxd3 18. Qxd3 a5 19. h3 Ne4 20. f3 Bxe5 21.
Bxe5 Qxe5 22. fxe4 dxe4 23. Rxe4 Qc5+ 24. Qd4 Rfd8 25. Qxc5 Rxc5 26. Re2 Kf8
27. Rc1 e5 28. Kf2 Ke7 29. Rcc2 f5 30. b4 axb4 31. cxb4 Rb5 32. a3 e4 33. Rc4
Ra8 34. Ra2 Ra4 35. Ke3 Rd5 36. Rd4 Ke6 37. g4 g6 38. gxf5+ gxf5 39. Rxd5 Kxd5
40. b5 Kc5 41. Kf4 Kxb5 42. Kxf5 Kc4 43. Rg2 Kd3 44. Kf4 e3+ 45. Kf3 Ra7 46.
Rg8 Rf7+ 47. Kg2 e2 48. Rd8+ Kc2 49. Re8 Kd2 50. Rd8+ Ke1 51. a4 Rg7+ 52. Kh2
Rg5 53. Rd7 h5 54. Rd8 h4 55. Rd7 Rg3 56. a5 Kf2 57. Rf7+ Rf3 0-1

[Event "Ïåðâåíñòâî Ìîñêâû ïî øàõìàòàì 2015 ñðåäè"]
[Site "Moscow"]
[Date "2015.11.17"]
[Round "6.1"]
[White "Çàõàðîâà, Àííà."]
[Black "Ñàÿôàðîâà, Àííà."]
[Result "1-0"]
[WhiteElo "1863"]
[BlackElo "1863"]
[PlyCount "57"]
[EventDate "2015.11.12"]

1. d4 d5 2. Nf3 Nf6 3. g3 g6 4. c4 dxc4 5. Qa4+ c6 6. Qxc4 Bg7 7. Bg2 O-O 8.
O-O Na6 9. Nc3 Bf5 10. Ne5 Nc7 11. e4 Be6 12. Qd3 Ng4 13. Nxg4 Bxg4 14. h3 Bc8
15. Rd1 e5 16. dxe5 Qxd3 17. Rxd3 Bxe5 18. f4 Bg7 19. Be3 Be6 20. Rad1 Bf6 21.
g4 a6 22. f5 Bc4 23. Rd7 Nb5 24. Nxb5 Bxb5 25. b3 Rfd8 26. Bb6 Rxd7 27. Rxd7
Rb8 28. a4 Be2 29. Rd2 1-0

[Event "Ïåðâåíñòâî Ìîñêâû ïî øàõìàòàì 2015 ñðåäè"]
[Site "Moscow"]
[Date "2015.11.17"]
[Round "6.4"]
[White "Ñåðåãèíà, Ìàðèÿ."]
[Black "Âàñåíèíà, Àííà."]
[Result "1/2-1/2"]
[WhiteElo "1769"]
[BlackElo "2127"]
[PlyCount "124"]
[EventDate "2015.11.12"]

1. d4 Nf6 2. c4 e6 3. Nc3 Bb4 4. Bd2 O-O 5. Nf3 b6 6. a3 Bxc3 7. Bxc3 Ne4 8. e3
Nxc3 9. bxc3 c5 10. Bd3 Nc6 11. Rb1 d6 12. Qc2 f5 13. e4 Na5 14. d5 exd5 15.
exd5 Re8+ 16. Kf1 Qf6 17. h4 g6 18. Qd2 Ba6 19. h5 Nxc4 20. Bxc4 Bxc4+ 21. Kg1
f4 22. hxg6 hxg6 23. Rh4 Re4 24. g3 Rae8 25. Rxf4 Rxf4 26. Qxf4 Qxf4 27. gxf4
Bxd5 28. Ng5 Bc6 29. Rd1 d5 30. Kf1 Kg7 31. f3 Kf6 32. Kf2 Kf5 33. Nh3 b5 34.
Rd2 a5 35. Rc2 Kf6 36. Ng5 Rh8 37. Kg2 Rd8 38. Re2 Re8 39. Rc2 Kf5 40. Kg3 Kf6
41. Kf2 Rh8 42. Kg3 Bd7 43. Rd2 Be6 44. Re2 Bf7 45. Re5 Rd8 46. Nh7+ Kg7 47.
Re7 Kxh7 48. Rxf7+ Kh6 49. Rb7 d4 50. cxd4 cxd4 51. Rxb5 d3 52. Rb1 d2 53. Rd1
Rd3 54. Kf2 Kg7 55. Ke2 Rxa3 56. Rxd2 a4 57. Rd6 Rb3 58. Ra6 a3 59. Kf2 Rb2+
60. Kg3 a2 61. f5 gxf5 62. Kf4 Rb5 1/2-1/2

[Event "Ïåðâåíñòâî Ìîñêâû ïî øàõìàòàì 2015 ñðåäè"]
[Site "Moscow"]
[Date "2015.11.18"]
[Round "7.1"]
[White "Òåí, Êðèñòèíà."]
[Black "Ñåðåãèíà, Ìàðèÿ."]
[Result "0-1"]
[WhiteElo "1616"]
[BlackElo "1769"]
[PlyCount "76"]
[EventDate "2015.11.12"]

1. d4 f5 2. c4 Nf6 3. Nc3 g6 4. Nf3 Bg7 5. g3 O-O 6. Bg2 d6 7. O-O c6 8. b3 Qe8
9. Bb2 h6 10. Qc2 Nbd7 11. Rad1 e5 12. d5 cxd5 13. Nxd5 Qd8 14. Ba3 Ne8 15. c5
dxc5 16. Bxc5 Nxc5 17. Qxc5 Rf7 18. Nh4 Kh7 19. Nxg6 Qg5 20. Nge7 Bf8 21. h4
Qg7 22. Bh3 Bxe7 23. Nxe7 Rxe7 24. Rd8 b6 25. Qc2 Bb7 26. Bxf5+ Kh8 27. Rxa8
Bxa8 28. Qc8 Bb7 29. Qb8 Qf7 30. e4 Kg7 31. Rd1 Nf6 32. Rd8 Bxe4 33. Bxe4 Nxe4
34. f4 exf4 35. gxf4 Ng3 36. Qc8 Ne2+ 37. Kg2 Qg6+ 38. Kf2 Qg3+ 0-1

[Event "Ïåðâåíñòâî Ìîñêâû ïî øàõìàòàì 2015 ñðåäè"]
[Site "Moscow"]
[Date "2015.11.18"]
[Round "7.3"]
[White "Ñàÿôàðîâà, Àííà."]
[Black "Ñàâåëüåâà, Àíàñòàñèÿ."]
[Result "1-0"]
[WhiteElo "1863"]
[BlackElo "1393"]
[PlyCount "103"]
[EventDate "2015.11.12"]

1. e4 e6 2. d4 d5 3. e5 c5 4. c3 Qb6 5. Nf3 Nc6 6. a3 a5 7. Bd3 Bd7 8. Bc2 cxd4
9. cxd4 Nge7 10. Nc3 Ng6 11. O-O Be7 12. Rb1 O-O 13. Qd3 Rfc8 14. h4 h5 15. Rd1
Qd8 16. Bg5 Be8 17. Bxe7 Ncxe7 18. Ng5 Nf5 19. g3 Qe7 20. Nxd5 Qd8 21. Nc3 Bc6
22. Bb3 Qb6 23. Nxe6 Qxb3 24. Nc5 Qb6 25. Qxf5 Re8 26. e6 Re7 27. exf7+ Rxf7
28. Qxg6 Raf8 29. N5e4 Rf3 30. Ng5 R8f6 31. Qh7+ Kf8 32. Qh8+ Ke7 33. Qxg7+ Kd6
34. Nxf3 Rxf3 35. Qe5+ Kd7 36. Re1 Qb3 37. d5 Bb5 38. Qe7+ Kc8 39. Nxb5 Rxg3+
40. Kf1 Qxb5+ 41. Qe2 Rd3 42. Rbc1+ Kb8 43. Qe8+ Qxe8 44. Rxe8+ Ka7 45. Rd8 Kb6
46. d6 Rd5 47. d7 Rd4 48. Ke2 Rd6 49. Rd1 Kc6 50. Rxd6+ Kxd6 51. Rh8 Kxd7 52.
Rxh5 1-0

[Event "Ïåðâåíñòâî Ìîñêâû ïî øàõìàòàì 2015 ñðåäè"]
[Site "Moscow"]
[Date "2015.11.18"]
[Round "7.4"]
[White "Î÷íåâà, Èíãà."]
[Black "Çàõàðîâà, Àííà."]
[Result "1-0"]
[WhiteElo "1963"]
[BlackElo "1863"]
[PlyCount "117"]
[EventDate "2015.11.12"]

1. e4 c5 2. Nf3 Nc6 3. d4 cxd4 4. Nxd4 Nf6 5. Nc3 e6 6. Ndb5 Bb4 7. a3 Bxc3+ 8.
Nxc3 d5 9. exd5 exd5 10. Bd3 O-O 11. O-O d4 12. Ne4 Bf5 13. Bg5 Bxe4 14. Bxe4
h6 15. Bxf6 Qxf6 16. f4 Rad8 17. Qd3 Rd7 18. Rad1 Rfd8 19. g3 Ne7 20. Rfe1 Qb6
21. Kf1 Nd5 22. Bxd5 Rxd5 23. b3 Qc6 24. Kf2 Qc5 25. a4 Rc8 26. Re2 Qb6 27.
Rde1 g6 28. Re8+ Rxe8 29. Rxe8+ Kg7 30. Ke2 Rd6 31. Qe4 Qc5 32. Qe5+ Qxe5+ 33.
Rxe5 Kf6 34. Kd3 h5 35. Re4 Rd7 36. h3 Kf5 37. Re5+ Kf6 38. g4 hxg4 39. hxg4
Rc7 40. g5+ Kg7 41. Re4 f6 42. Rxd4 Kf7 43. c4 Ke6 44. gxf6 Kxf6 45. Rd5 Ke6
46. Ke4 b6 47. Rd4 a5 48. Rd5 Rc6 49. Rg5 Kf6 50. Re5 Rd6 51. c5 bxc5 52. Rxc5
Ra6 53. Kd4 Rd6+ 54. Rd5 Rxd5+ 55. Kxd5 Kf5 56. Kc4 Kxf4 57. b4 axb4 58. a5 b3
59. Kxb3 1-0

[Event "Ïåðâåíñòâî Ìîñêâû ïî øàõìàòàì 2015 ñðåäè"]
[Site "Moscow"]
[Date "2015.11.19"]
[Round "8.1"]
[White "Ñàâåëüåâà, Àíàñòàñèÿ."]
[Black "Î÷íåâà, Èíãà."]
[Result "0-1"]
[WhiteElo "1393"]
[BlackElo "1963"]
[PlyCount "100"]
[EventDate "2015.11.12"]

1. e4 c5 2. Nc3 Nc6 3. g3 g6 4. Bg2 Bg7 5. Nge2 d6 6. d3 Nf6 7. O-O O-O 8. Rb1
Rb8 9. f4 Bd7 10. Be3 b5 11. a3 Ng4 12. Bd2 b4 13. axb4 cxb4 14. Nd5 a5 15. h3
Nf6 16. Nxf6+ Bxf6 17. f5 Qc7 18. Kh2 Bg7 19. Bg5 Rbc8 20. f6 exf6 21. Bxf6 Ne5
22. d4 Nc4 23. Qd3 Bb5 24. Bxg7 Kxg7 25. d5 Kg8 26. Nd4 Qb6 27. Nxb5 Qxb5 28.
Qd4 Qc5 29. Qxc5 Rxc5 30. Rf2 Ne3 31. Rc1 Rfc8 32. Bf3 a4 33. c3 bxc3 34. bxc3
Rxc3 35. Rxc3 Rxc3 36. Ra2 a3 37. e5 dxe5 38. d6 Kf8 39. Bc6 Rc2+ 40. Rxc2 Nxc2
41. Bd5 Nb4 42. Bb3 a2 43. Bxa2 Nxa2 44. Kg2 Ke8 45. Kf3 Kd7 46. Ke4 Kxd6 47.
g4 Ke6 48. h4 f5+ 49. gxf5+ gxf5+ 50. Ke3 e4 0-1

[Event "Ïåðâåíñòâî Ìîñêâû ïî øàõìàòàì 2015 ñðåäè"]
[Site "Moscow"]
[Date "2015.11.19"]
[Round "8.2"]
[White "Îáîëåíöåâà, Àëåêñàíäðà."]
[Black "Ñàÿôàðîâà, Àííà."]
[Result "1/2-1/2"]
[WhiteElo "2118"]
[BlackElo "1863"]
[PlyCount "97"]
[EventDate "2015.11.12"]

1. d4 d5 2. c4 dxc4 3. Nf3 Nf6 4. Nc3 e6 5. e4 c5 6. d5 exd5 7. e5 Ne4 8. Nxe4
dxe4 9. Qxd8+ Kxd8 10. Ng5 Be6 11. Be3 Nc6 12. O-O-O+ Kc7 13. Nxe6+ fxe6 14.
Bxc4 Re8 15. f4 exf3 16. gxf3 g6 17. Rhe1 Nxe5 18. Bf4 Bh6 19. Bxh6 Nxc4 20. b3
Nb6 21. Bf4+ Kc8 22. Bd6 Nd5 23. Bxc5 b6 24. Ba3 Kd7 25. Kb2 Rc8 26. Rd2 Rc6
27. Re4 Kc7 28. Red4 a5 29. Ka1 b5 30. Rh4 h5 31. Rh3 b4 32. Bb2 Rf8 33. Be5+
Kb7 34. Rg3 Rf5 35. f4 Nxf4 36. Bxf4 Rxf4 37. Rxg6 Rf5 38. Rg1 e5 39. Rd5 Kb6
40. Re1 Rc5 41. Rd2 Rc6 42. Rde2 Re6 43. Kb2 e4 44. Kc1 Rfe5 45. Kd2 Kb5 46.
Ke3 Kc5 47. Kf4 Kd5 48. Rd1+ Kc5 49. Rde1 1/2-1/2